Statistics for All 20 Teams that have Won the NBA Finals

Click here to take the quiz!

General Stats

  • This quiz has been taken 94 times
  • The average score is 17 of 20

Answer Stats

HintAnswer% Correct
T-1 (17)Boston Celtics
100%
T-1 (17)Los Angeles Lakers
100%
T-3 (6)Chicago Bulls
99%
5 (5)San Antonio Spurs
96%
T-3 (6)Golden State Warriors
95%
T-6 (3)Miami Heat
95%
T-9 (2)Houston Rockets
93%
T-9 (2)Milwaukee Bucks
93%
T-6 (3)Philadelphia 76ers
91%
T-12 (1)Dallas Mavericks
88%
T-12 (1)Cleveland Cavaliers
86%
T-9 (2)New York Knicks
86%
T-6 (3)Detroit Pistons
83%
T-12 (1)Oklahoma City Thunder
80%
T-12 (1)Portland Trail Blazers
80%
T-12 (1)Sacramento Kings
77%
T-12 (1)Toronto Raptors
77%
T-12 (1)Atlanta Hawks
75%
T-12 (1)Washington Wizards
69%
T-12 (1)Baltimore Bullets
35%

Score Distribution

Percentile by Number Answered

Percent of People with Each Score

Your Score History

You have not taken this quiz